[Event "AJEC-ch fin email"]
[Site "France"]
[Date "2001.??.??"]
[Round "?"]
[White "Bibens, Jean Paul"]
[Black "Dubocage, Claude"]
[Result "0-1"]
[WhiteElo "2131"]
[BlackElo "2216"]
[PlyCount "67"]
[EventDate "2001.??.??"]
[EventType "tourn (corr)"]
[EventRounds "15"]
[EventCountry "FRA"]
[SourceTitle "Corr 2004"]
[Source "ChessBase"]
[SourceDate "2003.04.28"]
[SourceVersion "3"]
[SourceVersionDate "2003.04.28"]
[SourceQuality "1"]

1. Nf3 Nf6 2. g3 g6 3. c4 Bg7 4. Bg2 0-0 5. d4 d6 6. 0-0 c5 7. Nc3 Nc6 8. d5 Na5 9. Nd2 a6 10. Qc2 Rb8 11. b3 b5 12. Bb2 bxc4 13. bxc4 Bh6 14. f4 e5 15. dxe6 fxe6 16. Nce4 Nxe4 17. Nxe4 Nxc4 18. Bf6 Ne3 19. Qc1 Rxf6 20. Nxf6+ Qxf6 21. Qxe3 Bg7 22. Rab1 Rb5 23. Kh1 Qf5 24. Rxb5 axb5 25. Qd2 Bf8 26. e4 Qf7 27. a3 Bb7 28. f5 exf5 29. exf5 Bxg2+ 30. Kxg2 gxf5 31. Qg5+ Qg6 32. Rxf5 Qxg5 33. Rxg5+ Kf7 34. Rf5+ 0-1

[Event "AJEC-ch fin email"]
[Site "France"]
[Date "2001.??.??"]
[Round "?"]
[White "Le Duigou, Jean Guy"]
[Black "Dubocage, Claude"]
[Result "0-1"]
[WhiteElo "2250"]
[BlackElo "2216"]
[PlyCount "68"]
[EventDate "2001.??.??"]
[EventType "tourn (corr)"]
[EventRounds "15"]
[EventCountry "FRA"]
[SourceTitle "Corr 2004"]
[Source "ChessBase"]
[SourceDate "2003.04.28"]
[SourceVersion "3"]
[SourceVersionDate "2003.04.28"]
[SourceQuality "1"]

1. c4 Nf6 2. Nc3 g6 3. e4 d6 4. d4 Bg7 5. Nf3 0-0 6. Be2 e5 7. 0-0 Nc6 8. d5 Ne7 9. Ne1 Nd7 10. Nd3 f5 11. Bd2 Nf6 12. f3 f4 13. c5 g5 14. cxd6 cxd6 15. Nf2 Ng6 16. Qc2 a6 17. a4 Rf7 18. a5 b5 19. axb6 Qxb6 20. Na4 Qd8 21. Rfc1 Bd7 22. Ra3 h5 23. h3 Bf8 24. b4 Rg7 25. Nb2 Nh4 26. Qd1 g4 27. fxg4 hxg4 28. hxg4 Nxg2 29. Kxg2 Nxg4 30. Bxg4 Bxg4 31. Qxg4 Rxg4+ 32. Nxg4 Qg5 33. Kh2 Kf7 34. Rg1 Rc8 0-1

[Event "AJEC-ch fin email"]
[Site "France"]
[Date "2001.??.??"]
[Round "?"]
[White "Raffeneau, Frederic"]
[Black "Dubocage, Claude"]
[Result "0-1"]
[WhiteElo "1995"]
[BlackElo "2216"]
[PlyCount "68"]
[EventDate "2001.??.??"]
[EventType "tourn (corr)"]
[EventRounds "15"]
[EventCountry "FRA"]
[SourceTitle "Corr 2004"]
[Source "ChessBase"]
[SourceDate "2003.04.28"]
[SourceVersion "3"]
[SourceVersionDate "2003.04.28"]
[SourceQuality "1"]

1. Nf3 Nf6 2. d4 g6 3. Bg5 Bg7 4. Nbd2 0-0 5. e3 d6 6. c3 Nbd7 7. Bd3 h6 8. Bh4 e5 9. 0-0 Qe8 10. Qc2 Nh5 11. h3 f5 12. g4 e4 13. Bc4+ Kh8 14. gxh5 exf3 15. hxg6 Qxg6+ 16. Bg3 Nb6 17. Bb3 Qh5 18. Rfe1 f4 19. exf4 Bxh3 20. Re7 Bg2 21. Bh2 Rf5 22. Rae1 Qh3 23. Rxg7 Kxg7 24. Re7+ Kf8 25. Be6 Kxe7 26. Bxf5 Qh5 27. Qe4+ Kf6 28. Qe6+ Kg7 29. Qe7+ Qf7 30. Qxf7+ Kxf7 31. Be4 Rg8 32. c4 c6 33. Bg3 Re8 34. b3 d5 0-1

[Event "AJEC Gr04 email"]
[Site "France"]
[Date "2000.??.??"]
[Round "?"]
[White "Dubocage, Claude"]
[Black "Didier, Luc"]
[Result "1/2-1/2"]
[WhiteElo "2010"]
[BlackElo "2063"]
[PlyCount "86"]
[EventDate "2000.03.20"]
[EventType "tourn (corr)"]
[EventRounds "10"]
[EventCountry "FRA"]
[SourceTitle "Corr 2004"]
[Source "ChessBase"]
[SourceDate "2003.04.28"]
[SourceVersion "3"]
[SourceVersionDate "2003.04.28"]
[SourceQuality "1"]

1. e4 e6 2. d4 d5 3. Nd2 c5 4. exd5 exd5 5. Ngf3 Nc6 6. Bb5 cxd4 7. 0-0 Bd6 8. Re1+ Nge7 9. Nxd4 0-0 10. N2f3 Bg4 11. Be2 Re8 12. Be3 Nf5 13. Nxf5 Bxf5 14. c3 Be4 15. Ng5 Qc7 16. h3 Rad8 17. Nxe4 dxe4 18. Qb3 Kh8 19. Bg4 b6 20. Qc4 Qb7 21. Be2 f5 22. Rad1 Ne5 23. Qb5 Qe7 24. Rd5 Bc7 25. Red1 Rxd5 26. Rxd5 Qf7 27. Qb3 Rf8 28. Bb5 f4 29. Bd4 f3 30. g3 Qf6 31. Qa3 Ra8 32. Qa4 Qe6 33. Bxe5 Qxd5 34. Bxc7 e3 35. fxe3 Qd2 36. Bf1 Qxe3+ 37. Kh1 Qe1 38. Qa6 Re8 39. Bf4 h6 40. h4 b5 41. Kg1 Re2 42. Qc8+ Kh7 43. Qf5+ Kh8 1/2-1/2

[Event "AJEC Gr04 email"]
[Site "France"]
[Date "2000.??.??"]
[Round "?"]
[White "Dubocage, Claude"]
[Black "Perrusset, Didier"]
[Result "1-0"]
[WhiteElo "2010"]
[BlackElo "2165"]
[PlyCount "47"]
[EventDate "2000.03.20"]
[EventType "tourn (corr)"]
[EventRounds "10"]
[EventCountry "FRA"]
[SourceTitle "Corr 2004"]
[Source "ChessBase"]
[SourceDate "2003.04.28"]
[SourceVersion "3"]
[SourceVersionDate "2003.04.28"]
[SourceQuality "1"]

1. e4 e5 2. Nc3 Nf6 3. g3 Nc6 4. Bg2 Bb4 5. Nge2 0-0 6. 0-0 d6 7. d3 Ba5 8. h3 Bb6 9. Kh2 Re8 10. f4 a6 11. Nd5 Nxd5 12. exd5 Nd4 13. Nxd4 exd4 14. Qh5 Bd7 15. f5 Re5 16. Be4 Qe7 17. Bd2 Rxe4 18. dxe4 Qxe4 19. f6 g6 20. Qf3 Qxc2 21. Qf4 Kh8 22. Rae1 Bb5 23. Rf2 Qc5 24. Re4 1-0

[Event "AJEC Gr04 email"]
[Site "France"]
[Date "2000.??.??"]
[Round "?"]
[White "Forget, Remy"]
[Black "Dubocage, Claude"]
[Result "0-1"]
[WhiteElo "1850"]
[BlackElo "2010"]
[PlyCount "50"]
[EventDate "2000.03.20"]
[EventType "tourn (corr)"]
[EventRounds "10"]
[EventCountry "FRA"]
[SourceTitle "Corr 2004"]
[Source "ChessBase"]
[SourceDate "2003.04.28"]
[SourceVersion "3"]
[SourceVersionDate "2003.04.28"]
[SourceQuality "1"]

1. e4 e6 2. d4 d5 3. Nc3 Bb4 4. e5 c5 5. a3 Bxc3+ 6. bxc3 Ne7 7. Qg4 Qc7 8. Qxg7 Rg8 9. Qxh7 cxd4 10. Ne2 Nbc6 11. f4 Bd7 12. Qd3 dxc3 13. Nxc3 a6 14. Rb1 Nf5 15. g4 Nh4 16. Rg1 Na5 17. Rg3 0-0-0 18. Kf2 Nc4 19. Qd4 Kb8 20. Bxc4 dxc4 21. Ne4 Ba4 22. Nd6 b5 23. c3 Bc2 24. Rb2 Bb3 25. Nxf7 Rxd4 0-1